<?xml version="1.0" encoding="UTF-8"?><?xml-stylesheet type="text/xsl" href="static/style.xsl"?><OAI-PMH xmlns="http://www.openarchives.org/OAI/2.0/" xmlns:xsi="http://www.w3.org/2001/XMLSchema-instance" xsi:schemaLocation="http://www.openarchives.org/OAI/2.0/ http://www.openarchives.org/OAI/2.0/OAI-PMH.xsd"><responseDate>2026-04-14T03:28:43Z</responseDate><request verb="GetRecord" identifier="oai:www.recercat.cat:10230/35500" metadataPrefix="marc">https://recercat.cat/oai/request</request><GetRecord><record><header><identifier>oai:recercat.cat:10230/35500</identifier><datestamp>2025-12-17T01:46:33Z</datestamp><setSpec>com_2072_6</setSpec><setSpec>col_2072_452953</setSpec></header><metadata><record xmlns="http://www.loc.gov/MARC21/slim" xmlns:dcterms="http://purl.org/dc/terms/" xmlns:xsi="http://www.w3.org/2001/XMLSchema-instance" xmlns:doc="http://www.lyncode.com/xoai" xsi:schemaLocation="http://www.loc.gov/MARC21/slim http://www.loc.gov/standards/marcxml/schema/MARC21slim.xsd">
   <leader>00925njm 22002777a 4500</leader>
   <datafield ind2=" " ind1=" " tag="042">
      <subfield code="a">dc</subfield>
   </datafield>
   <datafield ind2=" " ind1=" " tag="720">
      <subfield code="a">Hagen, Jürgen von</subfield>
      <subfield code="e">author</subfield>
   </datafield>
   <datafield ind2=" " ind1=" " tag="720">
      <subfield code="a">Chen, Yao</subfield>
      <subfield code="e">author</subfield>
   </datafield>
   <datafield ind2=" " ind1=" " tag="260">
      <subfield code="c">2018-09-26T09:56:49Z</subfield>
   </datafield>
   <datafield ind2=" " ind1=" " tag="260">
      <subfield code="c">2018-09-26T09:56:49Z</subfield>
   </datafield>
   <datafield ind2=" " ind1=" " tag="260">
      <subfield code="c">2018-05</subfield>
   </datafield>
   <datafield ind2=" " ind1=" " tag="520">
      <subfield code="a">The sovereign debt crisis in the euro area has shown that sovereign default risk can be a serious issue also in advanced economies. We use a difference-in-difference approach to identify the factors that lead to the crisis in the euro area. We find that, the global financial crisis of 2008-09, which hit all euro-area countries, uncovered persistent weaknesses in some countries. In others, which started from a seemingly strong fiscal position, the crisis was triggered by a strong decline in revenues. Responding to the incipient recession with structural rather than cyclical measures also contributed to the emergence of a debt crisis. We then discuss the use of advanced statistical methods to evaluate fiscal sustainability. One approach is the estimation of fiscal limits and fiscal space, the other the construction of government balance sheets using a model-based approach to the valuation of government assets and liabilities. We show that the two approaches are closely related. We suggest that the use of such approaches can help governments to identify fiscal risks and improve fiscal transparency. In Europe, this could be a useful activity of the newly created fiscal councils.</subfield>
   </datafield>
   <datafield ind2=" " ind1=" " tag="520">
      <subfield code="a">The ADEMU Working Paper Series is being supported by the European Commission Horizon 2020 European Union funding for Research &amp;amp; Innovation, grant agreement No 649396.</subfield>
   </datafield>
   <datafield ind2="0" ind1="0" tag="245">
      <subfield code="a">Fiscal risk and public sector balance sheets</subfield>
   </datafield>
</record></metadata></record></GetRecord></OAI-PMH>